00382nam a2200157Ia 4500008004100000020001500041041001200056082001100068100001700079245005500096250000800151260002500159300000900184650001400193700001700207221030s9999 xx 000 0 und d a8120328035 aEnglish a105.23 aH. M. Deitel 0aC ++ How To Programcby H. M. Deitel, P. J. Deitel a5th bPHIaNew Delhic2006 a1436 aComputers aP. J. Deitel